LIBRARY & INFORMATION CENTRE, KCAET, TAVANUR

ONLINE PUBLIC ACCESS CATALOGUE (OPAC)

Algebra / (Record no. 9104)

MARC details
000 -LEADER
fixed length control field 00522cam a2200229ua 4500
041 ## - LANGUAGE CODE
Language code of text/sound track or separate title eng
082 ## - DEWEY DECIMAL CLASSIFICATION NUMBER
Classification number 512
Item number PAR/AL
100 ## - MAIN ENTRY--AUTHOR NAME
Personal name Parameswaran, S .
245 ## - TITLE STATEMENT
Title Algebra /
260 ## - PUBLICATION, DISTRIBUTION, ETC. (IMPRINT)
Place of publication Chennai :
Name of publisher S.Viswanathan ,
Year of publication 1964.
300 ## - PHYSICAL DESCRIPTION
Number of Pages 266 ; .
942 ## - ADDED ENTRY ELEMENTS (KOHA)
Koha item type Books
Holdings
Withdrawn status Lost status Damaged status Home library Current library Date acquired Cost, normal purchase price Full call number Accession Number Koha item type
Withdrawn     KAUAET KAUAET 07/04/2012 3.50 512 7249 Books
Withdrawn     KAUAET KAUAET 07/04/2012 3.50 512 7250 Books
Withdrawn     KAUAET KAUAET 07/04/2012 3.50 512 7352 Books
Withdrawn     KAUAET KAUAET 07/04/2012 3.50 512 7252 Books
Withdrawn     KAUAET KAUAET 07/04/2012 3.50 512 7248 Books
Withdrawn     KAUAET KAUAET 07/04/2012 3.50 512 7251 Books
Withdrawn Lost and Paid For   KAUAET KAUAET 23/06/2020 3.50 512 PAR/AL 7253 Books
free website counter